BIBLIOTECA

SENCICO

Arquitectura toda la historia / (Registro nro. 5035)

Detalles MARC
000 -LEADER
fixed length control field 01286nam a22002657a 4500
003 - CONTROL NUMBER IDENTIFIER
control field PE SENCICO BE
005 - DATE AND TIME OF LATEST TRANSACTION
control field 20251020182709.0
008 - FIXED-LENGTH DATA ELEMENTS--GENERAL INFORMATION
fixed length control field 241226b |||||||| |||| 00| 0 eng d
020 ## - INTERNATIONAL STANDARD BOOK NUMBER
International Standard Book Number 978-84-17757-83-0
040 ## - CATALOGING SOURCE
Original cataloging agency PE SENCICO BE
Transcribing agency PE SENCICO BE
041 ## - LANGUAGE CODE
Language code of text/sound track or separate title spa
082 ## - DEWEY DECIMAL CLASSIFICATION NUMBER
Classification number 720.9
Item number J72
100 1# - MAIN ENTRY--PERSONAL NAME
9 (RLIN) 2768
Personal name Jones, Denna
Relator term autor
245 1# - TITLE STATEMENT
Title Arquitectura toda la historia /
Statement of responsibility, etc. Denna Jones
250 ## - EDITION STATEMENT
Edition statement [1a ed.]
260 ## - PUBLICATION, DISTRIBUTION, ETC.
Place of publication, distribution, etc. Barcelona :
Name of publisher, distributor, etc. Blume ;
Date of publication, distribution, etc. 2019
300 ## - PHYSICAL DESCRIPTION
Extent 576 p. :
Other physical details il. col., lams., fotog. ;
Dimensions 24 cm.
505 0# - FORMATTED CONTENTS NOTE
Formatted contents note Neolítico-900 -- 900 a 1400 -- 1400 a 1700 -- 1700 a 1870 -- 1870 a 1950 -- 1950-actualidad.
520 3# - SUMMARY, ETC.
Summary, etc. Sitúa las obras fundamentales en un contexto de tipología y de desarrollos sociales y culturales y dentro de una cronología histórica en la que se resaltan las influencias y los eventos clave. Presenta a los arquitectos mas representativos de cada época y analiza en profundidad por qué sus obras destacan entre las de l mayoría de los profesionales. Escrito por un equipo internacional de arquitectos y de historiadores de la arquitectura.
650 10 - SUBJECT ADDED ENTRY--TOPICAL TERM
9 (RLIN) 363
Topical term or geographic name entry element Historia de la arquitectura
650 20 - SUBJECT ADDED ENTRY--TOPICAL TERM
9 (RLIN) 945
Topical term or geographic name entry element Arquitectura antigua
650 20 - SUBJECT ADDED ENTRY--TOPICAL TERM
9 (RLIN) 191
Topical term or geographic name entry element Arquitectura moderna
910 ## - USER-OPTION DATA (OCLC)
User-option data hfp
-- hfp
-- hfp
942 ## - ADDED ENTRY ELEMENTS (KOHA)
Source of classification or shelving scheme Dewey Decimal Classification
Koha item type Libros
Existencias
Fecha de la última vez que lo usaron Pago total Signatura topográfica completa Código de barras Precio efectivo desde Tipo de documento Estado perdido Sistema de clasificación Estado dañado No es para préstamo Retirado Ubicación permanente Ubicación actual Fecha de adquisición Fuente de adquisición
26/12/2024   720.9/J72 BibLima24120034 26/12/2024 Libros   Dewey Decimal Classification       Biblioteca Central Lima Biblioteca Central Lima 18/11/2024 Comprado de la librería Cydma Tech